Çerkez Ethem'in anıları (Record no. 10877)

MARC details
000 -BAŞLIK
Sabit Uzunlukta Kontrol Alanı 00697na a2200241 4500
001 - KONTROL NUMARASI
Denetim Alanı 24533
003 - KONTROL NUMARASI IDENTIFIER
Denetim Alanı MIRAKIL
005 - SON İŞLEM TARİHİ VE ZAMANI
Denetim Alanı 20181213155336.0
008 - SABİT-BOY VERİ ELEMANLARI - GENEL BİLGİLER
Sabit Uzunlukta Kontrol Alanı 181128b tu 000 0
020 ## - ULUSLARARASI STANDART KİTAP NUMARASI
Uluslararası Standart Kitap Numarası 9789944174763
040 ## - KATALOGLAMA KAYNAK
Orijinal Kataloglama Ajansı Milas
Kataloglama Dili tur
Metne Dönüştürmek Ajansı TR-AnCHP
041 ## - DİL KODU
Metin / Ses Parça Veya Ayrı Başlığın Dil Kodu tur
082 ## - DEWEY ONLU SINIFLANDIRMA NUMARASI
Sınıflandırma Numarası 818.4203
Ürün Numarası Ç36 2008
090 ## - SINIFLAMA NUMARASI
Sınıflama Numarası 818.4203 Ç36 2008
245 ## - BAŞLIK TABLOSU
Başlık Çerkez Ethem'in anıları
Sorumluluk Tablosu, Vb editor Ahmet Seyrek
246 ## - UNVAN FORM VARYING
Başlık Doğru / Kısa Başlığı bir kahraman mı yoksa bir hain mi?
260 ## - YAYIN, DAĞITIM, VB
Yayın, Dağıtım, Vb Yeri İstanbul
Yayıncı, Dağıtıcı, Vs Adı Nokta kitap
Yayın, Dağıtım, Vb Tarihi 2008
Üretici Firma Kilim matbaası
300 ## - FİZİKSEL TANIM
Kapsam 240 s.
Boyutlar 21 sm.
650 ## - KONU KATMA GİRİŞ - TOPİKAL DÖNEM
Topikal Süreli Veya Coğrafi Ad Giriş Elemanı Türk edebiyatı
Genel Alt Bölümü Anılar
700 ## - KATMA GİRİŞ - KİŞİSEL İSİM
Kişisel Ad Seyrek, Ahmet
Relator Terim ed.
740 ## - KATMA GİRİŞ - KONTROLSUZ İLGİLİ / ANALİTİK BAŞLIK
Kontrol Edilmeyen / İlgili Analitik Başlıktaki Bir kahraman mı yoksa bir hain mi?
942 ## - EKLENDİ GİRİŞ ELEMANLARI (KOHA)
Sınıflandırma Veya Raf Düzeni Kaynak
Koha Öğesi Türü Books
999 ## - SİSTEM KONTROL NUMARALARI (KOHA)
Koha Biblionumber 10877
Koha Biblioitemnumber 10877
Holdings
Kalıcı Konum Mevcut Konum Edinme Tarihi Edinim Kaynak Toplam Check-Out'Lar Tam Çağrı Numarası Barkod Tarih Son Görülme İtibaren Geçerli Fiyatlar Koha Öğesi Türü
CHP Kütüphanesi CHP Kütüphanesi 11/28/2018 Bağış   818.4203 Ç36 2008 018448 11/28/2018 11/28/2018 Books